World's Top 100 Airports (2013) - Statistics

General Stats
  • This quiz has been taken 1,317 times
  • The average score is 54 of 100
Answer Stats
Hint Answer % Correct
10 London Heathrow Airport, United Kingdom
96%
63 John F. Kennedy International Airport, United States
93%
35 London Gatwick Airport, United Kingdom
93%
82 Charles de Gaulle Airport, France
91%
16 Narita International Airport, Japan
90%
9 Tokyo International Airport, Japan
89%
41 London Stansted Airport, United Kingdom
88%
5 Beijing Capital International Airport, China
87%
34 London City Airport, United Kingdom
86%
47 Madrid-Barajas Airport, Spain
85%
49 Domodedovo International Airport, Russia
84%
89 Sheremetyevo International Airport, Russia
84%
31 Sydney Airport, Australia
84%
33 Dubai International Airport, United Arab Emirates
82%
59 Shanghai Pudong International Airport, China
82%
84 O'Hare International Airport, United States
81%
19 Shanghai Hongqiao International Airport, China
81%
99 Berlin Schönefeld Airport, Germany
79%
90 Berlin Tegel Airport, Germany
79%
11 Frankfurt Airport, Germany
79%
1 Singapore Changi Airport, Singapore
79%
3 Amsterdam Schiphol Airport, Netherlands
78%
4 Hong Kong International Airport, China
78%
39 Barcelona El Prat Airport, Spain
77%
48 Hartsfield-Jackson Atlanta International Airport, United States
77%
6 Munich Airport, Germany
77%
46 Toronto Pearson International Airport, Canada
77%
32 Istanbul Atatürk Airport, Turkey
74%
2 Incheon International Airport, South Korea
73%
29 Melbourne Airport, Australia
73%
56 Oslo Airport, Norway
73%
40 San Francisco International Airport, United States
72%
60 Stockholm Arlanda Airport, Sweden
72%
38 Bangkok Suvarnabhumi Airport, Thailand
71%
54 Dallas/Fort Worth International Airport, United States
71%
23 Gimpo International Airport, South Korea
71%
69 Indira Gandhi International Airport, India
71%
95 Dublin Airport, Ireland
69%
8 Vancouver International Airport, Canada
69%
62 Seattle-Tacoma International Airport, United States
68%
51 Athens International Airport, Greece
67%
80 George Bush Intercontinental Airport, United States
67%
15 Helsinki-Vantaa Airport, Finland
67%
88 Logan International Airport, United States
67%
17 Copenhagen Airport, Denmark
66%
50 Vienna International Airport, Austria
66%
67 Lisbon Portela Airport, Portugal
65%
66 Brussels Airport, Belgium
64%
70 Manchester Airport, United Kingdom
64%
7 Zurich Airport, Switzerland
63%
83 Montréal-Pierre Elliott Trudeau International Airport, Canada
61%
14 Kuala Lumpur International Airport, Malaysia
60%
78 Perth Airport, Australia
60%
22 Cape Town International Airport, South Africa
59%
18 Kansai International Airport, Japan
59%
28 O.R. Tambo International Airport, South Africa
59%
12 Auckland International Airport, New Zealand
57%
36 Denver International Airport, United States
56%
20 Abu Dhabi International Airport, United Arab Emirates
55%
61 Prague Václav Havel Airport, Czech Republic
54%
68 Doha International Airport, Qatar
52%
42 Guangzhou Baiyun International Airport, China
52%
43 Hamburg Airport, Germany
51%
24 Taiwan Taoyuan International Airport, Taiwan
50%
21 Brisbane Airport, Australia
49%
100 Ben Gurion Airport, Israel
48%
79 Detroit Metropolitan Wayne County Airport, United States
45%
96 Geneva International Airport, Switzerland
45%
91 Birmingham Airport, United Kingdom
39%
27 Dusseldorf Airport, Germany
37%
77 Adelaide Airport, Australia
36%
76 Côte d'Azur International Airport, France
36%
37 Cologne/Bonn Airport, Germany
34%
25 Jorge Chavez International Airport, Peru
34%
87 Charlotte/Douglas International Airport, United States
32%
71 Minneapolis-St. Paul International Airport, United States
32%
93 Newark Liberty International Airport, United States
30%
81 Keflavik International Airport, Iceland
28%
13 Chubu Centrair International Airport, Japan
24%
53 Francisco Sá Carneiro Airport, Portugal
22%
64 Christchurch International Airport, New Zealand
21%
75 Muscat International Airport, Oman
19%
73 Bengaluru International Airport, India
17%
85 Luxembourg Findel Airport, Luxembourg
17%
26 King Shaka International Airport, South Africa
16%
94 Salt Lake City International Airport, United States
14%
92 Fukuoka Airport, Japan
13%
74 Tocumen International Airport, Panama
13%
55 Bahrain International Airport, Bahrain
12%
97 Pittsburgh International Airport, United States
11%
65 Rajiv Gandhi International Airport, India
11%
52 Gold Coast Airport, Australia
10%
30 Cincinnati/Northern Kentucky International Airport, United States
9%
58 Halifax Stanfield International Airport, Canada
8%
72 Malta International Airport, Malta
8%
57 Billund Airport, Denmark
3%
45 José Joaquín de Olmedo International Airport, Ecuador
3%
44 Haikou Meilan International Airport, China
2%
86 Raleigh-Durham International Airport, United States
1%
98 Sanya Phoenix International Airport, China
1%
No matching quizzes found
Score Distribution
Percent of People with Each Score
Percentile by Number Answered
Your Score History
You have not taken this quiz